Domestic, Foreign or Common Shocks?

Guardado en:
Detalles Bibliográficos
Autor principal: Walsh, Mark
Otros Autores: Lopez, Humberto
Formato: Libro
Lenguaje:inglés
Publicado: Washington International Monetary Fund 1996
Edición:1. ed.
Colección:IMF Working Paper 107
Materias:
Etiquetas: Agregar Etiqueta
Sin Etiquetas, Sea el primero en etiquetar este registro!

MARC

LEADER 00000nam a2200000 4500
001 c017499
005 20221205125116.7
041 0 |a eng 
044 |a US 
245 1 0 |a Domestic, Foreign or Common Shocks?  |c Stefania Fabrizio, Humberto Lopez 
250 |a 1. ed. 
264 1 |a Washington  |b International Monetary Fund  |c 1996 
300 |a 19 s. 
490 1 |a IMF Working Paper  |v 107 
830 0 |a IMF Working Paper  |v 107 
610 2 0 |a cykly hospodárske 
610 2 0 |a podnikanie medzinárodné 
610 2 0 |a modelovanie ekonometrické 
610 2 0 |a modely ekonometrické 
610 2 0 |a analýza ekonometrická 
610 2 0 |a hospodárstvo svetové 
100 1 |a Walsh, Mark 
700 1 |a Lopez, Humberto